00265nam a22001217a 4500003000400000020001800004082001400022100001400036245003600050260003100086300000800117650001800125SGT a9789387973381 a635bB18K aKUMAR, N. aBREEDING OF HORTICULTURE CROPS  aDELHIbNEW INDIA PUBc2018 a202 aHORTICULTURE